02453cam a22003974i 4500003000900000005001700009008004100026035002000067040003300087100004800120245025000168264001000418300004000428336002100468337002500489338002300514502005800537504004100595520118700636526001001823526001001833526000901843526000901852526000901861526000901870526000901879526000901888526000901897526000801906526000801914526000801922526000801930526000801938650006401946700004502010PE-LiUPU20250731165405.0151006s2015 pe a grm 000 0 spa d a(Sirsi) a154793 aPE-LiUPUbspacPE-LiUPUerda1 aBautista Melendrez, Marvic Jhoselineeautor1 aCalidad del cuidado de enfermería percibido por las madres y el desarrollo psicomotor de los niños menores de cinco años del Centro de Salud Virgen del Carmen - La Era, Lurigancho Chosica, Lima, 2014 /1cMarvic Jhoseline Bautista Melendrez. 0c2015. a166 hojas : bilustraciones;c30 cm atext2rdacontent aunmediated2rdamedia avolume2rdacarrier aTesisb(Lic.) -- cUniversidad Peruana Unión,d2015 aIncluye referencias bibliográficas3 aEl objetivo de la investigación es identificar los estilos de vida en los adultos y adultos mayores del Asentamiento Humano Nueva Alianza - Chaclacayo - Lima. La metodología fue de diseño no experimental, de enfoque cuantitativo de alcance descriptivo y de corte transversal. El instrumento usado fue el cuestionario Estilos de Vida Saludable, con una confiabilidad de ,874. El tipo de muestreo fue probabilístico, considerándose en total 154 participantes, de ellos 123 adultos entre 35 a 64 años y 31 adultos mayores de 65 años a más. Los resultados obtenidos fueron que los estilos de vida poco saludables en las dimensiones alimentación con 91.6%, estrés, 85.7%, apoyo social, 82.5%, autorrealización 83.8% y confianza en Dios 78.6%. Los estilos de vida fueron no saludables en las dimensiones alimentación con 5.8%, actividad física, 37.7%, ocio, 43.5%, autocuidado, 6.5%; descanso, 1.3%, estrés 14.3%; apoyo social, 8.4%; autorrealización 3.2% y confianza en Dios 1.3%. Y un porcentaje mínimo presento estilos de vida saludable. En conclusión, el 99.4% de adultos y adultos mayores presentan un estilo de vida poco saludable, 0.6% saludable. aSEG44 aSEG26 aP151 aP150 aP149 aP146 aP145 aP126 aP125 aP92 aP75 aP74 aP27 aP1504aCuidados de enfermeríaxPsicomotricidad infantilxMadres.1 aEspiritu Ramos, Thalía Sarahíeautor